| 000 | 00861nam a2200217 u 4500 | ||
|---|---|---|---|
| 001 | 000287955 | ||
| 003 | AM-YeHGA | ||
| 005 | 20250618071900.0 | ||
| 008 | 031126s1965 ai r 000 0 arm d | ||
| 040 | _aAM-YeHGA | ||
| 041 | 0 | _aarm | |
| 080 | _aAP2 | ||
| 090 | _aԲ-81 | ||
| 245 | 1 | 0 |
_aԱրևի մտերմություն : _bԲանաստեղծություններ / _cԹ.Պ. Բոլորչյան; Խմբ.՝ Ս.Հ. Ումառյան; Նկ.՝ Ան.Վ. Գասպարյան. |
| 260 |
_aԵրևան : _bՀայաստան, _c1965. |
||
| 300 |
_a60 էջ ; _c14 սմ. |
||
| 650 | 1 | 4 |
_aՀայ գրականություն _xԲանաստեղծություն |
| 700 | 1 |
_aՈւմառյան, Սերգեյ Հովհաննեսի, _d1920-1995 _eխմբ. _4edt _92472 |
|
| 700 | 1 |
_aԳասպարյան, Անուշավան Վարդանի, _d1914-1986 _eնկ. _4art _93012 |
|
| 090 | _c106744 | ||
| 999 |
_c105420 _d105420 |
||